000 00574nam a22002177a 4500
003 UA-OsUOA
001 135370
007 ta
008 20190121b un ||||| |||| 00| 0 ukr d
100 _aФіалко О. Є.
090 _a902
_bФ68
942 _cSA
040 _aUA-OsUOA
_bukr
_cUA-OsUOA
_dUA-OsUOA
245 _aАмазонки в історії Трої
300 _aС.64-79
955 _a0
041 _aukr
080 _a902
773 0 _w135367
_tАрхеологія
_dК.
_d2018
_g4
650 7 _a9 Географія. Біографії. Історія
_2UDC
999 _c408735
_d408735